000 00476nam a22001697a 4500
003 BD-ChCU
005 20260415102148.0
008 260415b bg ||||| |||| 00| 0 ben d
040 _cBD-ChCU
082 _a596 THR
100 _aThornton , Charles S.
_921498
245 _aRegeneration in vertebrates ./
_cCharles S. Thornton .
260 _aChicago :
_bUniversity of Chicago press ,
_cC 1959
300 _axi , 107p.
650 0 _aVertibrates
_921499
942 _2ddc
_cBK
_n0
999 _c112209
_d112209